<?xml version="1.0" encoding="UTF-8"?>
<record
    xmlns:xsi="http://www.w3.org/2001/XMLSchema-instance"
    xsi:schemaLocation="http://www.loc.gov/MARC21/slim http://www.loc.gov/standards/marcxml/schema/MARC21slim.xsd"
    xmlns="http://www.loc.gov/MARC21/slim">

  <leader>00464nam a22001817a 4500</leader>
  <controlfield tag="003">OSt</controlfield>
  <controlfield tag="008">230403b        |||||||| |||| 00| 0 eng d</controlfield>
  <datafield tag="020" ind1=" " ind2=" ">
    <subfield code="a">9781119684305</subfield>
  </datafield>
  <datafield tag="082" ind1=" " ind2=" ">
    <subfield code="a">005.87 WYP</subfield>
  </datafield>
  <datafield tag="100" ind1=" " ind2=" ">
    <subfield code="a">WYLIE, Phillip L</subfield>
  </datafield>
  <datafield tag="245" ind1=" " ind2=" ">
    <subfield code="a">The Pentester Blueprint Starting: A Career as an Ethical Hacker</subfield>
  </datafield>
  <datafield tag="250" ind1=" " ind2=" ">
    <subfield code="a">Ed</subfield>
  </datafield>
  <datafield tag="260" ind1=" " ind2=" ">
    <subfield code="a">New delhi</subfield>
    <subfield code="b">Wiley</subfield>
    <subfield code="c">2021</subfield>
  </datafield>
  <datafield tag="300" ind1=" " ind2=" ">
    <subfield code="a">172</subfield>
  </datafield>
  <datafield tag="650" ind1=" " ind2=" ">
    <subfield code="a">The Pentester Blueprint</subfield>
  </datafield>
  <datafield tag="700" ind1=" " ind2=" ">
    <subfield code="a">CRAWLEY,Kim</subfield>
  </datafield>
  <datafield tag="942" ind1=" " ind2=" ">
    <subfield code="2">ddc</subfield>
    <subfield code="c">BK</subfield>
  </datafield>
  <datafield tag="999" ind1=" " ind2=" ">
    <subfield code="c">11930</subfield>
    <subfield code="d">11930</subfield>
  </datafield>
  <datafield tag="952" ind1=" " ind2=" ">
    <subfield code="0">0</subfield>
    <subfield code="1">0</subfield>
    <subfield code="2">ddc</subfield>
    <subfield code="4">0</subfield>
    <subfield code="7">0</subfield>
    <subfield code="8">BTECHCSE</subfield>
    <subfield code="a">PIET</subfield>
    <subfield code="b">PIET</subfield>
    <subfield code="d">2023-04-03</subfield>
    <subfield code="e">International Book Centre</subfield>
    <subfield code="f">IN RUPEES</subfield>
    <subfield code="g">2572.70</subfield>
    <subfield code="k">IB/IN/1351</subfield>
    <subfield code="l">3</subfield>
    <subfield code="o">005.87 WYP</subfield>
    <subfield code="p">34875</subfield>
    <subfield code="r">2024-03-12 00:00:00</subfield>
    <subfield code="s">2024-02-26</subfield>
    <subfield code="v">2315.43</subfield>
    <subfield code="w">2023-03-25</subfield>
    <subfield code="y">BK</subfield>
  </datafield>
  <datafield tag="952" ind1=" " ind2=" ">
    <subfield code="0">0</subfield>
    <subfield code="1">0</subfield>
    <subfield code="2">ddc</subfield>
    <subfield code="4">0</subfield>
    <subfield code="7">0</subfield>
    <subfield code="8">BTECHCSE</subfield>
    <subfield code="a">PIET</subfield>
    <subfield code="b">PIET</subfield>
    <subfield code="d">2023-04-03</subfield>
    <subfield code="e">International Book Centre</subfield>
    <subfield code="f">IN RUPEES</subfield>
    <subfield code="g">2572.70</subfield>
    <subfield code="k">IB/IN/1351</subfield>
    <subfield code="l">0</subfield>
    <subfield code="o">005.87 WYP</subfield>
    <subfield code="p">34876</subfield>
    <subfield code="r">2023-04-03 00:00:00</subfield>
    <subfield code="v">2315.43</subfield>
    <subfield code="w">2023-03-25</subfield>
    <subfield code="y">REF</subfield>
  </datafield>
</record>
